ARRUPE JESUIT UNIVERSITY

CORONAVIRUS -STOP THE SPREAD - CLEAN,DISINFECT,COVER

The job that never was (Record no. 6008)

MARC details
000 -LEADER
fixed length control field 00486nam a2200217Ia 4500
003 - CONTROL NUMBER IDENTIFIER
control field 0100
008 - FIXED-LENGTH DATA ELEMENTS--GENERAL INFORMATION
fixed length control field 130227s9999 xx 000 0 und d
040 ## - CATALOGING SOURCE
Transcribing agency ARRUPELIB
050 ## - LIBRARY OF CONGRESS CALL NUMBER
Classification number PR9390.9S31J6
100 ## - MAIN ENTRY--PERSONAL NAME
Personal name Samachai, Kawengo
245 #4 - TITLE STATEMENT
Title The job that never was
245 ## - TITLE STATEMENT
Remainder of title and other stories
260 ## - PUBLICATION, DISTRIBUTION, ETC. (IMPRINT)
Place of publication, distribution, etc Harare
260 ## - PUBLICATION, DISTRIBUTION, ETC. (IMPRINT)
Name of publisher, distributor, etc Benaby
260 ## - PUBLICATION, DISTRIBUTION, ETC. (IMPRINT)
-- 2005
300 ## - PHYSICAL DESCRIPTION
Extent 130p.
300 ## - PHYSICAL DESCRIPTION
Other physical details 21cm.
650 ## - SUBJECT ADDED ENTRY--TOPICAL TERM
Topical term following geographic name as entry element Beryson, Henri Louis
650 ## - SUBJECT ADDED ENTRY--TOPICAL TERM
Location of event Education
942 ## - ADDED ENTRY ELEMENTS (KOHA)
Source of classification or shelving scheme Library of Congress Classification
Koha issues (borrowed), all copies 2
Holdings
Withdrawn status Lost status Source of classification or shelving scheme Damaged status Not for loan Collection code Home library Current library Shelving location Date acquired Total Checkouts Full call number Barcode Checked out Date last seen Date last borrowed Copy number Price effective from Koha item type
    Library of Congress Classification     Main Collection ARRUPE LIBRARY ARRUPE LIBRARY   27/02/2013 4 PR9390.9S31J6 46408061 31/03/2020 17/03/2020 17/03/2020 1 27/02/2013 Monograph ( Printed materials)

 

Arrupe Library. PO Box MP320 Mt Pleasant, Harare, Zimbabwe
263 242 745411|librarian@aju.ac.zw